[Event "Titled Tuesday intern op 24th Sep Early"]
[Site "Chess.com INT"]
[Date "2024.09.24"]
[Round "8"]
[White "Yonal, Timur"]
[Black "Aloma Vidal, Roberto"]
[Result "0-1"]
[WhiteElo "2146"]
[BlackElo "2408"]
[PlyCount "58"]
[EventDate "2024.09.24"]
[EventType "swiss (blitz)"]
[EventRounds "11"]
[EventCountry "USA"]
[SourceTitle "CB41_2024"]
[SourceDate "2024.10.09"]
[SourceVersion "1"]
[SourceVersionDate "2024.10.09"]
[SourceQuality "1"]

1. e4 a6 2. d4 e6 3. Nc3 d5 4. exd5 exd5 5. Bd3 c5 6. Nf3 Nc6 7. 0-0 cxd4 8. Ne2 Bc5 9. Re1 Nge7 10. h3 0-0 11. Nf4 Bf5 12. a3 Bd6 13. Bxf5 Nxf5 14. Nxd5 Qa5 15. Nf4 Rfe8 16. Bd2 Qb5 17. Nd3 h6 18. b3 Rac8 19. a4 Qd5 20. Bf4 Bb4 21. Bd2 Bc3 22. Bxc3 dxc3 23. Nf4 Rxe1+ 24. Qxe1 Qd6 25. g3 Nb4 26. Rd1 Qc6 27. Ne5 Qc7 28. Qe4 Re8 29. Qxb4 Rxe5 0-1

[Event "Titled Tuesday intern op 24th Sep Early"]
[Site "Chess.com INT"]
[Date "2024.09.24"]
[Round "2"]
[White "Yonal, Timur"]
[Black "Volkov, Maksim"]
[Result "0-1"]
[WhiteElo "2146"]
[BlackElo "2284"]
[PlyCount "46"]
[EventDate "2024.09.24"]
[EventType "swiss (blitz)"]
[EventRounds "11"]
[EventCountry "USA"]
[SourceTitle "CB41_2024"]
[SourceDate "2024.10.09"]
[SourceVersion "1"]
[SourceVersionDate "2024.10.09"]
[SourceQuality "1"]

1. e4 c5 2. Nf3 d6 3. d4 cxd4 4. Nxd4 Nf6 5. Nc3 a6 6. a3 e5 7. Nf5 d5 8. Bg5 d4 9. Bxf6 gxf6 10. Nb1 Bxf5 11. exf5 Qd5 12. Qh5 Qe4+ 13. Kd1 Nd7 14. Nd2 Qc6 15. Bc4 0-0-0 16. Qxf7 Qxg2 17. Ke2 Qg4+ 18. Kf1 Bh6 19. Qd5 Nb8 20. Qe6+ Kc7 21. Nb3 Rd6 22. Qf7+ Nd7 23. Nc5 Qf3 0-1

[Event "Titled Tuesday intern op 24th Sep Early"]
[Site "Chess.com INT"]
[Date "2024.09.24"]
[Round "6"]
[White "Yonal, Timur"]
[Black "Zepeda Berlanga, Jan Enrique"]
[Result "1-0"]
[WhiteElo "2146"]
[BlackElo "1857"]
[PlyCount "81"]
[EventDate "2024.09.24"]
[EventType "swiss (blitz)"]
[EventRounds "11"]
[EventCountry "USA"]
[SourceTitle "CB41_2024"]
[SourceDate "2024.10.09"]
[SourceVersion "1"]
[SourceVersionDate "2024.10.09"]
[SourceQuality "1"]

1. e4 c5 2. Nf3 d6 3. d4 cxd4 4. Nxd4 Nf6 5. Nc3 Nc6 6. Bg5 e6 7. Qd2 a6 8. 0-0-0 Bd7 9. f3 Nxd4 10. Qxd4 Be7 11. g4 h5 12. Bxf6 Bxf6 13. Qxd6 Bxc3 14. bxc3 Rc8 15. g5 Qxg5+ 16. f4 Qe7 17. Kb2 Qxd6 18. Rxd6 Rc6 19. Rd4 Ke7 20. Be2 h4 21. Rhd1 Rc7 22. c4 f6 23. e5 Rf8 24. Rg1 g5 25. exf6+ Rxf6 26. fxg5 Rf2 27. g6 Rc8 28. g7 Rg8 29. Bd3 Rf7 30. Rdg4 Kf6 31. Rg6+ Ke7 32. Kc3 b6 33. Kd4 a5 34. Ke5 Rf2 35. R6g5 Be8 36. Bh7 Re2+ 37. Kd4 Bf7 38. Bxg8 Bxg8 39. Rf1 Rd2+ 40. Kc3 Rxh2 41. Rf8 1-0

[Event "Titled Tuesday intern op 17th Sep Early"]
[Site "Chess,com INT"]
[Date "2024.09.17"]
[Round "10"]
[White "Yagupov, Igor"]
[Black "Yonal, Timur"]
[Result "1-0"]
[WhiteElo "2239"]
[BlackElo "2146"]
[PlyCount "77"]
[EventDate "2024.09.17"]
[EventType "swiss (blitz)"]
[EventRounds "11"]
[EventCountry "USA"]
[SourceTitle "CB42_2024"]
[Source "ChessBase"]
[SourceDate "2024.10.16"]
[SourceVersion "1"]
[SourceVersionDate "2024.10.16"]
[SourceQuality "1"]

1. Nf3 Nf6 2. c4 e6 3. Nc3 d5 4. d4 dxc4 5. e3 a6 6. a4 c5 7. Bxc4 Nc6 8. 0-0 cxd4 9. exd4 Be7 10. Bg5 0-0 11. Re1 b6 12. Qd3 Bb7 13. Rad1 Rc8 14. Bb3 Nb4 15. Qe2 h6 16. Bc1 Nfd5 17. Ne4 a5 18. Ne5 Nf6 19. Nxf6+ Bxf6 20. Qh5 Bd5 21. Bxd5 Qxd5 22. Qg4 Kh7 23. Nf3 Rc2 24. h4 Rfc8 25. Bf4 Rxb2 26. Be5 Rcc2 27. Rf1 Ra2 28. Qh5 g6 29. Qg4 Bxe5 30. dxe5 Qc4 31. Rd4 Qxf1+ 32. Kxf1 Rc1+ 33. Ne1 Nc2 34. Re4 Raa1 35. g3 Nxe1 36. h5 Nd3+ 37. Kg2 Rg1+ 38. Kf3 Ne1+ 39. Rxe1 1-0

[Event "Titled Tuesday intern op 17th Sep Early"]
[Site "Chess,com INT"]
[Date "2024.09.17"]
[Round "8"]
[White "Yonal, Timur"]
[Black "Ferriz Barrios, Andres"]
[Result "1-0"]
[WhiteElo "2146"]
[BlackElo "2102"]
[PlyCount "75"]
[EventDate "2024.09.17"]
[EventType "swiss (blitz)"]
[EventRounds "11"]
[EventCountry "USA"]
[SourceTitle "CB42_2024"]
[Source "ChessBase"]
[SourceDate "2024.10.16"]
[SourceVersion "1"]
[SourceVersionDate "2024.10.16"]
[SourceQuality "1"]

1. e4 g6 2. d4 Bg7 3. Nc3 c5 4. d5 d6 5. Nf3 Nf6 6. a4 0-0 7. Bc4 Nbd7 8. 0-0 a6 9. a5 b5 10. axb6 Nxb6 11. Qe2 Nfd7 12. Na4 Bb7 13. Bd2 Nxa4 14. Rxa4 Nb6 15. Ra2 Re8 16. Bxa6 c4 17. Rfa1 Bxa6 18. Rxa6 Rxa6 19. Rxa6 Bxb2 20. Ba5 e6 21. dxe6 Rxe6 22. Bxb6 Qc8 23. Ra2 c3 24. Nd4 Re5 25. f3 Qb7 26. Qa6 Qd7 27. Qa8+ Kg7 28. Nc6 Rc5 29. Nb4 Rc4 30. Nd5 Qb5 31. Ra7 Ba3 32. Qb7 Qb1+ 33. Kf2 Qxc2+ 34. Kg3 Kh6 35. Qxf7 Qc1 36. Be3+ Qxe3 37. Qxh7+ Kg5 38. h4# 1-0

[Event "Titled Tuesday intern op 17th Sep Early"]
[Site "Chess,com INT"]
[Date "2024.09.17"]
[Round "11"]
[White "Yonal, Timur"]
[Black "Vila Dupla, Aurelio"]
[Result "1-0"]
[WhiteElo "2146"]
[BlackElo "2042"]
[PlyCount "81"]
[EventDate "2024.09.17"]
[EventType "swiss (blitz)"]
[EventRounds "11"]
[EventCountry "USA"]
[SourceTitle "CB42_2024"]
[Source "ChessBase"]
[SourceDate "2024.10.16"]
[SourceVersion "1"]
[SourceVersionDate "2024.10.16"]
[SourceQuality "1"]

1. e4 c5 2. Nf3 d6 3. d4 cxd4 4. Nxd4 Nf6 5. Nc3 g6 6. f3 Bg7 7. Be3 0-0 8. Qd2 Nc6 9. 0-0-0 Nxd4 10. Bxd4 Be6 11. Kb1 Qc7 12. h4 Rfc8 13. h5 Qa5 14. hxg6 hxg6 15. g4 Rxc3 16. Qxc3 Qxa2+ 17. Kc1 Bxg4 18. Bc4 Qa1+ 19. Kd2 Qa4 20. Ke3 e5 21. Bxe5 Nxe4 22. Qb3 Qxb3+ 23. Bxb3 Bxe5 24. fxg4 Ng5 25. Rhf1 Rc8 26. Kd2 Rc7 27. Kc1 Kg7 28. Rd5 Ne6 29. Kb1 Nd4 30. Ba2 Rc6 31. c3 Ne6 32. Rd3 Nf4 33. Rdf3 g5 34. Rh1 b5 35. Bb3 a5 36. Bc2 a4 37. Rh7+ Kf6 38. Rf1 a3 39. Bb3 Rc7 40. bxa3 Bxc3 41. Rd1 1-0

[Event "Cesme op-A 10th"]
[Site "Cesme"]
[Date "2024.06.23"]
[Round "1"]
[White "Yurtseven, Melih"]
[Black "Yonal, Timur"]
[Result "1-0"]
[WhiteElo "2333"]
[BlackElo "2078"]
[PlyCount "93"]
[EventDate "2024.06.23"]
[EventType "swiss"]
[EventRounds "9"]
[EventCountry "TUR"]
[SourceTitle "CB27_2024"]
[SourceDate "2024.07.03"]
[SourceVersion "1"]
[SourceVersionDate "2024.07.03"]
[SourceQuality "1"]

1. d4 Nf6 2. Bg5 Ne4 3. h4 d5 4. Nd2 Nxd2 5. Qxd2 h6 6. Bf4 Bf5 7. e3 e6 8. Bd3 Bxd3 9. Qxd3 Nd7 10. Nf3 Bd6 11. h5 Rc8 12. c3 Qe7 13. Rd1 c5 14. Kf1 cxd4 15. Qxd4 0-0 16. Rh3 e5 17. Qxd5 Rc6 18. Bh2 Nb6 19. Qb3 Nc4 20. Nd2 Rfc8 21. Nxc4 Rxc4 22. Rd2 R8c6 23. Bg3 a6 24. Rh1 b5 25. a3 Qg5 26. Qd1 Bc7 27. Kg1 a5 28. Rd7 b4 29. Qf3 bxc3 30. Qxf7+ Kh7 31. bxc3 Rxc3 32. Rh4 e4 33. Rxc7 Rxc7 34. Qg6+ Qxg6 35. hxg6+ Kxg6 36. Bxc7 Rxc7 37. Rxe4 Kf5 38. Ra4 Rc5 39. g4+ Ke5 40. Kg2 g5 41. Kg3 Kd5 42. f4 gxf4+ 43. exf4 Kc6 44. f5 h5 45. Rf4 hxg4 46. f6 Kb5 47. a4+ 1-0

[Event "Titled Tuesday intern op 21st May Early"]
[Site "Chess.com INT"]
[Date "2024.05.21"]
[Round "4"]
[White "Meduri, Aakaash"]
[Black "Yonal, Timur"]
[Result "1-0"]
[WhiteElo "2023"]
[BlackElo "2078"]
[PlyCount "105"]
[EventDate "2024.05.21"]
[EventType "swiss (blitz)"]
[EventRounds "11"]
[EventCountry "USA"]
[SourceTitle "CB22_2024"]
[SourceDate "2024.05.29"]
[SourceVersion "1"]
[SourceVersionDate "2024.05.29"]
[SourceQuality "1"]

1. d4 d5 2. Bf4 Nf6 3. e3 c5 4. dxc5 Nc6 5. Bb5 Ne4 6. b4 a5 7. c3 g6 8. Nf3 Bg7 9. Be5 f6 10. Bg3 0-0 11. Bxc6 bxc6 12. 0-0 Bg4 13. a3 f5 14. h3 Bh5 15. Qa4 axb4 16. Qxc6 Rc8 17. Qe6+ Kh8 18. Ne5 Qe8 19. axb4 Rf6 20. Qd7 Qxd7 21. Nxd7 Be2 22. Re1 Bb5 23. Nxf6 Bxf6 24. Ra5 Bc4 25. Ra7 Nxc3 26. Nxc3 Bxc3 27. Rxe7 Bxe1 28. Be5+ Kg8 29. Rg7+ Kf8 30. Rxh7 Ba6 31. Bd6+ Kg8 32. Re7 Bxb4 33. Re6 Kh7 34. Re7+ Kg8 35. Re6 Kf7 36. Re7+ Kf6 37. Ra7 Bc4 38. f4 Bxc5 39. Be5+ Ke6 40. Rh7 Rg8 41. Kf2 Bd6 42. Bd4 Be7 43. g4 Kd7 44. g5 Kd6 45. Be5+ Kd7 46. Bd4 Ke6 47. h4 Bd3 48. h5 gxh5 49. Rxh5 Rg6 50. Rh6 Rxh6 51. gxh6 Bd6 52. h7 Kf7 53. h8Q 1-0

[Event "Titled Tuesday intern op 30th Apr Early"]
[Site "Chess.com INT"]
[Date "2024.04.30"]
[Round "7"]
[White "Malyi, Viacheslav"]
[Black "Yonal, Timur"]
[Result "1-0"]
[WhiteElo "2391"]
[BlackElo "2074"]
[PlyCount "57"]
[EventDate "2024.04.30"]
[EventType "swiss (blitz)"]
[EventRounds "11"]
[EventCountry "USA"]
[SourceTitle "CB19_2024"]
[SourceDate "2024.05.08"]
[SourceVersion "1"]
[SourceVersionDate "2024.05.08"]
[SourceQuality "1"]

1. e4 c5 2. Nf3 d6 3. d4 cxd4 4. Nxd4 Nf6 5. Nc3 a6 6. Rg1 e5 7. Nb3 Be6 8. g4 h6 9. h4 g6 10. g5 hxg5 11. hxg5 Nh5 12. Be3 Be7 13. Qd2 Nc6 14. 0-0-0 Qc7 15. Kb1 Kf8 16. Nd5 Bxd5 17. exd5 Nd8 18. Be2 Kg7 19. Rh1 Qd7 20. f4 e4 21. Bd4+ f6 22. Qe3 Qf5 23. Rdg1 Nf7 24. Bg4 Qxd5 25. Bxh5 Rag8 26. gxf6+ Kf8 27. fxe7+ Kxe7 28. Bxh8 Nxh8 29. Bf3 1-0

[Event "Titled Tuesday intern op 30th Apr Early"]
[Site "Chess.com INT"]
[Date "2024.04.30"]
[Round "2"]
[White "Yonal, Timur"]
[Black "Anuj, Shrivatri"]
[Result "0-1"]
[WhiteElo "2074"]
[BlackElo "2390"]
[PlyCount "56"]
[EventDate "2024.04.30"]
[EventType "swiss (blitz)"]
[EventRounds "11"]
[EventCountry "USA"]
[SourceTitle "CB19_2024"]
[SourceDate "2024.05.08"]
[SourceVersion "1"]
[SourceVersionDate "2024.05.08"]
[SourceQuality "1"]

1. e4 e6 2. d4 d5 3. Nc3 Nf6 4. Bg5 dxe4 5. Nxe4 Nbd7 6. Nf3 h6 7. Bxf6 Nxf6 8. Bd3 Be7 9. 0-0 0-0 10. c3 b6 11. Nxf6+ Bxf6 12. Be4 Rb8 13. Qe2 Bb7 14. Rad1 Bd5 15. c4 Bxe4 16. Qxe4 Re8 17. Rd2 Qd6 18. Rfd1 c6 19. b3 Qc7 20. Qb1 Rbd8 21. d5 exd5 22. cxd5 c5 23. d6 Qc6 24. h3 Qe4 25. d7 Re7 26. Qxe4 Rxe4 27. Rd6 Re7 28. Nh4 Bxh4 0-1

[Event "Titled Tuesday intern op 30th Apr Early"]
[Site "Chess.com INT"]
[Date "2024.04.30"]
[Round "9"]
[White "Yonal, Timur"]
[Black "Kaminski, Victor Kazimierz"]
[Result "1-0"]
[WhiteElo "2074"]
[BlackElo "2247"]
[PlyCount "63"]
[EventDate "2024.04.30"]
[EventType "swiss (blitz)"]
[EventRounds "11"]
[EventCountry "USA"]
[SourceTitle "CB19_2024"]
[SourceDate "2024.05.08"]
[SourceVersion "1"]
[SourceVersionDate "2024.05.08"]
[SourceQuality "1"]

1. e4 c5 2. Nf3 Nc6 3. Bb5 e6 4. 0-0 Nge7 5. Re1 a6 6. Bf1 d5 7. exd5 Nxd5 8. d4 cxd4 9. Nxd4 Nxd4 10. Qxd4 Bd7 11. Qxd5 Bb4 12. c3 0-0 13. Qd3 Bc5 14. Be3 Be7 15. Nd2 Qc8 16. Nf3 Bb5 17. Qc2 Bxf1 18. Rxf1 Bf6 19. Rfd1 Qc4 20. Bd4 Be7 21. b3 Qc6 22. Rd2 f6 23. Rad1 e5 24. Be3 Rac8 25. c4 b5 26. Rd7 Bb4 27. Bh6 Rf7 28. Rxf7 Kxf7 29. Qxh7 Rg8 30. Be3 bxc4 31. Qf5 c3 32. Nxe5+ 1-0

[Event "Moscow-ch op Superfinal"]
[Site "Ershovo"]
[Date "2024.02.24"]
[Round "2"]
[White "Yonal, Timur"]
[Black "Borisova, Ekaterina"]
[Result "1/2-1/2"]
[WhiteElo "2007"]
[BlackElo "2168"]
[PlyCount "74"]
[EventDate "2024.02.23"]
[EventType "swiss"]
[EventRounds "10"]
[EventCountry "RUS"]
[SourceTitle "CB10_2024"]
[SourceDate "2024.03.06"]
[SourceVersion "1"]
[SourceVersionDate "2024.03.06"]
[SourceQuality "1"]

1. e4 e5 2. Nf3 Nc6 3. Bb5 a6 4. Ba4 d6 5. 0-0 Bd7 6. c3 g5 7. d4 g4 8. Ne1 h5 9. f4 exd4 10. cxd4 d5 11. Nc3 dxe4 12. d5 Nce7 13. Qd4 Rh7 14. f5 Bxa4 15. f6 Bb5 16. Nxb5 axb5 17. Qxe4 Rh8 18. fxe7 Qxe7 19. Qf5 Nh6 20. Bxh6 Bxh6 21. Nc2 Kd8 22. d6 cxd6 23. Rfe1 Qg5 24. Qe4 Kc7 25. Nb4 Rae8 26. Nd5+ Kb8 27. Qxe8+ Rxe8 28. Rxe8+ Ka7 29. Rd1 h4 30. b4 g3 31. h3 Bg7 32. Kh1 f5 33. Ne7 d5 34. Nc8+ Kb8 35. Nb6+ Ka7 36. Nc8+ Kb8 37. Nb6+ Ka7 1/2-1/2

[Event "Titled Tuesday intern op 16th Jan Early"]
[Site "Chess.com INT"]
[Date "2024.01.16"]
[Round "8"]
[White "Hungaski, Robert Andrew"]
[Black "Yonal, Timur"]
[Result "1/2-1/2"]
[WhiteElo "2471"]
[BlackElo "2003"]
[PlyCount "115"]
[EventDate "2024.01.16"]
[EventType "swiss (blitz)"]
[EventRounds "11"]
[EventCountry "USA"]
[SourceTitle "CB04_2024"]
[SourceDate "2023.10.16"]
[SourceVersion "1"]
[SourceVersionDate "2023.10.16"]
[SourceQuality "1"]

1. e4 c5 2. Nf3 d6 3. d4 cxd4 4. Nxd4 Nf6 5. Nc3 a6 6. Be2 e5 7. Nb3 Be6 8. 0-0 Be7 9. Re1 0-0 10. Bf3 Nbd7 11. a4 Rc8 12. Nd2 g6 13. Nf1 Kg7 14. Ne3 Nc5 15. a5 h5 16. Ra3 h4 17. b4 Ncd7 18. Ncd5 h3 19. g3 Bxd5 20. exd5 e4 21. Be2 Ne5 22. Qd4 Qd7 23. Bb2 Rfe8 24. c4 Nh7 25. Qxe4 f5 26. Qc2 Bf6 27. f4 Nf7 28. Bf1 Re4 29. Bd3 Re7 30. Raa1 Rce8 31. Kf2 Nh6 32. Kf3 Ng4 33. Nxf5+ gxf5 34. Bxf5 Nxh2+ 35. Kf2 Qd8 36. Bxh7 Rxe1 37. Rxe1 Ng4+ 38. Kf3 Rxe1 39. Qg6+ Kf8 40. Qg8+ Ke7 41. Qxg4 Bxb2 42. Be4 h2 43. Qe6+ Kf8 44. Qh6+ Ke7 45. Qe6+ Kf8 46. Qh6+ Ke8 47. Qxh2 Qf6 48. Qh5+ Ke7 49. Qh7+ Kd8 50. Qg8+ Kc7 51. Qe8 Qc3+ 52. Kg4 Rg1 53. Qe7+ Kb8 54. Qd8+ Ka7 55. Qb6+ Kb8 56. Qd8+ Ka7 57. Qb6+ Kb8 58. Qd8+ 1/2-1/2

[Event "Titled Tuesday intern op 16th Jan Early"]
[Site "Chess.com INT"]
[Date "2024.01.16"]
[Round "1"]
[White "Zhu, Jiner"]
[Black "Yonal, Timur"]
[Result "1-0"]
[WhiteElo "2467"]
[BlackElo "2003"]
[PlyCount "40"]
[EventDate "2024.01.16"]
[EventType "swiss (blitz)"]
[EventRounds "11"]
[EventCountry "USA"]
[SourceTitle "CB04_2024"]
[SourceDate "2023.10.16"]
[SourceVersion "1"]
[SourceVersionDate "2023.10.16"]
[SourceQuality "1"]

1. Nf3 d5 2. g3 c5 3. Bg2 Nc6 4. 0-0 e5 5. d3 Nf6 6. e4 Be7 7. Nc3 0-0 8. exd5 Nxd5 9. Nxe5 Nxc3 10. Nxc6 Nxd1 11. Nxd8 Bxd8 12. Rxd1 Rb8 13. Bf4 Ra8 14. Re1 a5 15. Bd6 Ra6 16. Bxc5 Be6 17. Bxf8 Kxf8 18. d4 Rb6 19. b3 Be7 20. d5 Bd7 1-0

[Event "Titled Tuesday intern op 09th Jan Early"]
[Site "Chess.com INT"]
[Date "2024.01.09"]
[Round "6"]
[White "Matko, Ognjen"]
[Black "Yonal, Timur"]
[Result "1-0"]
[WhiteElo "2253"]
[BlackElo "2003"]
[PlyCount "51"]
[EventDate "2024.01.09"]
[EventType "swiss (blitz)"]
[EventRounds "11"]
[EventCountry "USA"]
[SourceTitle "CB03_2024"]
[SourceDate "2024.01.17"]
[SourceVersion "1"]
[SourceVersionDate "2024.01.17"]
[SourceQuality "1"]

1. g3 g6 2. Bg2 Bg7 3. e4 d6 4. d4 Nd7 5. Nc3 e5 6. Nge2 Ngf6 7. h3 0-0 8. 0-0 c6 9. Be3 Qc7 10. a4 Re8 11. Qd2 Nf8 12. Rfd1 Be6 13. g4 Rad8 14. f4 exf4 15. Nxf4 Qc8 16. g5 N6d7 17. d5 cxd5 18. Ncxd5 Ne5 19. b3 Bd7 20. Nf6+ Bxf6 21. gxf6 Ne6 22. Nd5 Nc5 23. Ne7+ Rxe7 24. fxe7 Re8 25. Qxd6 Qb8 26. Qxb8 1-0

[Event "Titled Tuesday intern op 09th Jan Early"]
[Site "Chess.com INT"]
[Date "2024.01.09"]
[Round "2"]
[White "Yonal, Timur"]
[Black "Haring, Filip"]
[Result "1-0"]
[WhiteElo "2003"]
[BlackElo "2432"]
[PlyCount "53"]
[EventDate "2024.01.09"]
[EventType "swiss (blitz)"]
[EventRounds "11"]
[EventCountry "USA"]
[SourceTitle "CB03_2024"]
[SourceDate "2024.01.17"]
[SourceVersion "1"]
[SourceVersionDate "2024.01.17"]
[SourceQuality "1"]

1. e4 e6 2. d4 d5 3. e5 c5 4. c3 Nc6 5. Nf3 Qb6 6. Na3 cxd4 7. cxd4 Nh6 8. Nc2 Bd7 9. Bxh6 gxh6 10. Bd3 Qxb2 11. 0-0 Qb6 12. Rb1 Qc7 13. Qd2 0-0-0 14. Rfc1 Kb8 15. a3 Qa5 16. Nb4 Ka8 17. Qb2 Nxb4 18. axb4 Qb6 19. b5 Be7 20. Ra1 Rc8 21. Rd1 Kb8 22. Ra2 Rhg8 23. Rda1 h5 24. Rxa7 Qxa7 25. Rxa7 Kxa7 26. b6+ Kb8 27. Qa1 1-0

[Event "Wch Blitz"]
[Site "Samarkand"]
[Date "2023.12.30"]
[Round "19"]
[White "Amangeldy, Ernur"]
[Black "Yonal, Timur"]
[Result "1/2-1/2"]
[WhiteElo "2134"]
[BlackElo "2003"]
[PlyCount "110"]
[EventDate "2023.12.29"]
[EventType "swiss (blitz)"]
[EventRounds "21"]
[EventCountry "UZB"]
[SourceTitle "CB01_2024"]
[SourceDate "2024.01.03"]
[SourceVersion "1"]
[SourceVersionDate "2024.01.03"]
[SourceQuality "1"]

1. d4 d5 2. Nc3 Nf6 3. Bf4 e6 4. e3 Bd6 5. Nf3 0-0 6. Bd3 c5 7. dxc5 Bxc5 8. 0-0 Nc6 9. e4 dxe4 10. Nxe4 Nxe4 11. Bxe4 f6 12. Qe2 Qe7 13. Rfd1 e5 14. Be3 Bxe3 15. Qxe3 Be6 16. Bxc6 bxc6 17. b3 Rfd8 18. a4 Kf7 19. Qe4 Bd5 20. Qe3 Be6 21. h3 Kg8 22. a5 Rd5 23. c4 Rd7 24. Rxd7 Qxd7 25. Nd2 Rd8 26. Ne4 Bf7 27. Nc5 Qd2 28. Qxd2 Rxd2 29. Kf1 Kf8 30. Ke1 Rd4 31. Rd1 Rxd1+ 32. Kxd1 Ke7 33. Kd2 f5 34. Kc3 Kd6 35. b4 g5 36. f3 h5 37. Na4 Be8 38. Nb2 h4 39. Nd1 Bd7 40. Ne3 Ke6 41. Kd3 Bc8 42. Nf1 Bd7 43. Nd2 Kd6 44. Nb1 Be8 45. Nc3 Bf7 46. Nd1 Bh5 47. Ne3 Bg6 48. Nf1 Bf7 49. Nd2 Be8 50. Ke3 Bd7 51. Nb3 Be8 52. Nc5 Bg6 53. Na4 Bf7 54. Kd3 Be8 55. Nc3 Bf7 1/2-1/2

[Event "Wch Blitz"]
[Site "Samarkand"]
[Date "2023.12.30"]
[Round "16"]
[White "Yonal, Timur"]
[Black "Ilkhomi, Jaloliddin"]
[Result "0-1"]
[WhiteElo "2003"]
[BlackElo "2222"]
[PlyCount "130"]
[EventDate "2023.12.29"]
[EventType "swiss (blitz)"]
[EventRounds "21"]
[EventCountry "UZB"]
[SourceTitle "CB01_2024"]
[SourceDate "2024.01.03"]
[SourceVersion "1"]
[SourceVersionDate "2024.01.03"]
[SourceQuality "1"]

1. e4 e6 2. d4 d5 3. Nc3 Bb4 4. e5 c5 5. a3 Bxc3+ 6. bxc3 Qa5 7. Bd2 Qa4 8. Qg4 g6 9. Nf3 Nc6 10. Qf4 Qxc2 11. Bb5 Bd7 12. 0-0 h6 13. h4 a6 14. Bxc6 Bxc6 15. dxc5 Qe4 16. Qg3 Ne7 17. Rfe1 Nf5 18. Qh3 Qd3 19. g4 Nxh4 20. Qxh4 Qxf3 21. Re3 Qf4 22. Qg3 Qxg3+ 23. Rxg3 Rc8 24. Be3 Ke7 25. Kf1 Bb5+ 26. Ke1 Bc4 27. Kd2 h5 28. gxh5 Rxh5 29. Rb1 Rc7 30. Rg5 Rxg5 31. Bxg5+ Kd7 32. Be3 Kc6 33. Rb6+ Kd7 34. Rd6+ Ke8 35. Bg5 Rd7 36. Rxd7 Kxd7 37. Be3 Kc6 38. Bd4 Kb5 39. Kc1 Ka4 40. Kb2 g5 41. f3 Be2 42. Be3 Kb5 43. Bxg5 Kxc5 44. Be3+ Kc4 45. f4 a5 46. Bd2 a4 47. Be3 b5 48. Bd2 Kd3 49. Bc1 Bd1 50. Ka2 Kxc3 51. Bb2+ Kd3 52. Bc1 Kc2 53. Be3 Be2 54. Bc5 Kc3 55. Bb4+ Kc2 56. Bc5 Kd3 57. Be7 d4 58. Kb2 Kd2 59. Bc5 d3 60. Bd4 Bf3 61. Bc5 Bd5 62. Bd4 b4 63. axb4 Ke2 64. Bc3 d2 65. Bxd2 Kxd2 0-1